Goście na albumach - Young Multi - Statystyki

Ogólne statystyki
  • Ten quiz został rozwiązany 150 razy
  • Średni wynik to 13 z 23
Statystyki odpowiedzi
Artysta Album % Poprawnych
Bedoes Nowa Fala
96%
Bedoes Trapstar
96%
White 2115 TOXIC
89%
Żabson Trapstar
82%
Żabson TRAP AFTER DEATH
82%
Merghani Nowa Fala
74%
White Widow TOXIC
74%
matiskater TRAP AFTER DEATH
73%
matiskater TOXIC
73%
Miszel TOXIC
72%
Waima TOXIC
69%
Peja Trapstar
68%
Trill Pem TOXIC
65%
Beteo Nowa Fala
61%
Aleshen TRAP AFTER DEATH
54%
Nocny Sosa Nowa Fala
37%
Simpson. TRAP AFTER DEATH
30%
Co Cash TRAP AFTER DEATH
29%
Young Jacob Nowa Fala
25%
AM TRAP AFTER DEATH
24%
Skengdo TRAP AFTER DEATH
24%
Txnshi Nowa Fala
23%
Raff J.R. Nowa Fala
18%
Nie znaleziono quizów pasujących do podanych kryteriów
Rozkład punktacji
Procent ludzi z każdym wynikiem
Percentyl według liczby udzielonych odpowiedzi
Twoja historia wyników
Nie rozwiązałeś tego quizu